Manual de auditora̕ y de revisora̕ fiscal

Detalles Bibliográficos
Autor principal: Blanco Luna, Yanel
Formato: Desconocido
Lenguaje:español
Publicado: Bogot ̀: ECOE, 2006
Materias:
Acceso en línea:Acceso restringido

MARC

LEADER 00000ny a22000003n 4500
005 2011062101471.0
008 090129s2006 ck s 000 0 spa d
020 |a 9586484203 
035 |a 2517 
040 |a UMA.RE  |d vLex 
080 |a 351.713(0.034) 
080 |a 657.6-055(861)(0.034) 
090 |c 910  |d 910 
100 1 |a Blanco Luna, Yanel 
245 1 0 |a Manual de auditora̕ y de revisora̕ fiscal  |h [Recurso electrn̤ico]  |c Yanel Blanco Luna 
256 |a Servicio en ln̕ea 
260 |a Bogot ̀:  |b ECOE,  |c 2006 
506 1 |a Contenido solo disponible en los productos indicados  |d vLex Global  |d vLex Global (Academic Edition, excluding Law Schools)  |d vLex Global (U.S. Academic Edition, Law Schools)  |d vLex Global (U.S. Academic Edition, excluding Law Schools)  |d vLex Global (Academic Edition, Law Schools) 
650 0 4 |a Auditores de cuentas 
650 0 4 |a Derecho fiscal 
740 0 |a vLex Libros (Servicios en ln̕ea) 
856 4 0 |u http://vlex.com/source/2517  |z Acceso restringido 
942 |c BOOK 
999 0 4 |a Auditores de cuentas  |v En ln̕ea. 
999 0 4 |a Derecho fiscal  |v En ln̕ea. 
999 0 4 |a Libros electrn̤icos.